| 000 | 00673nam a2200241Ia 4500 | ||
|---|---|---|---|
| 003 | OSt | ||
| 005 | 20220918205523.0 | ||
| 006 | a|||||r|||| 00| 0 | ||
| 007 | ta | ||
| 008 | 220917b |||||||| |||| 00| 0 eng d | ||
| 024 | _a116,922 | ||
| 037 | _cTextual | ||
| 040 |
_aARTS _cARTS _beng |
||
| 041 |
_2eng _aeng |
||
| 082 | _aV63:25:N6, K6;1 | ||
| 100 |
_aBenson Mary _9115393 |
||
| 245 | 0 |
_aSouth Africa _b the struggle for birthright |
|
| 260 |
_aLondon _bPenguin Books _c1966 |
||
| 490 | _aPenguin African library ed by Ronald Segal; 18 | ||
| 650 | _aHISTORY | ||
| 942 |
_hV63:25:N6, K6;1 _cTEXL _2CC |
||
| 999 |
_c240241 _d240241 |
||